Mehrsprachige Kindererziehung bakalárska práca

Na minha lista:
Detalhes bibliográficos
Autor principal: Adamovič, Alexandra
Autor Corporativo: Fakulta aplikovaných jazykov EU v Bratislave. Katedra jazykovedy a translatológie
Outros Autores: Pospíšilová, Jana, 1950-
Formato: Livro
Idioma:alemão
Publicado em: Bratislava 2016
Tags: Adicionar Tag
Sem tags, seja o primeiro a adicionar uma tag!

MARC

LEADER 00000nbm a2200000 4500
001 0217395
005 20170130094040.4
041 0 |a ger 
044 |a SK 
245 1 0 |a Mehrsprachige Kindererziehung  |b bakalárska práca  |c Alexandra Adamovič ; školiteľ: Jana Pospíšilová 
264 1 |a Bratislava  |c 2016 
300 |a 41 s. 
100 1 |a Adamovič, Alexandra 
700 1 |a Pospíšilová, Jana, 1950- 
710 2 |a Fakulta aplikovaných jazykov EU v Bratislave. Katedra jazykovedy a translatológie